| 000 | 00480nam a2200169Ia 4500 | ||
|---|---|---|---|
| 999 |
_c9991 _d9991 |
||
| 003 | OSt | ||
| 005 | 20200131100844.0 | ||
| 008 | 190216s9999||||xx |||||||||||||| ||und|| | ||
| 020 | _a8170332245 | ||
| 040 | _coclc | ||
| 082 |
_a307.1 _bRAY/P |
||
| 100 |
_aRay, C N _9602 |
||
| 245 | 0 |
_aPolitics Of Rural Development / _cC N Ray |
|
| 260 |
_bRawat Publications, _c1994. _aJaipur: _aNew Delhi: |
||
| 300 | _a171 p | ||
| 942 |
_cBK _2ddc _h307.1 _iRAY/P _k307.1 _mRAY/P |
||